00727cam a22003014i 4500003000900000005001700009008004100026035001900067040003300086082002100119100002800140245008700168264000500255336002100260337002500281338002300306526001000329526001000339526001000349526001000359526000800369526000800377526000800385526000800393526000800401526000800409526000800417PE-LiUPU20250731173239.0150625s r 000 0 d a(Sirsi) a35246 aPE-LiUPUbspacPE-LiUPUerda04a270.261bH192211 aHamman, A. -G.,eautor.13aLa vida cotidiana en Africa del norte en tiempos de San Agustín /cA.-G. Hamman. 1a atext2rdacontent aunmediated2rdamedia avolume2rdacarrier aSEG42 aSEG41 aSEG40 aSEG39 aP94 aP87 aP86 aP85 aP77 aP76 aP35